BIBLIOTECA PODER JUDICIAL
Portal Judicial TDF

Gestión del período probatorio con perspectiva de género / (Registro nro. 5792)

000 -LEADER
fixed length control field 01412nab a22002057a 4500
003 - CONTROL NUMBER IDENTIFIER
control field OSt
005 - DATE AND TIME OF LATEST TRANSACTION
control field 20260106194314.0
008 - FIXED-LENGTH DATA ELEMENTS--GENERAL INFORMATION
fixed length control field 190514b xxu||||| |||| 00| 0 spa d
040 ## - CATALOGING SOURCE
Transcribing agency PJ
100 ## - MAIN ENTRY--PERSONAL NAME
9 (RLIN) 6700
Personal name Morquecho, Lara
245 10 - TITLE STATEMENT
Title Gestión del período probatorio con perspectiva de género /
Statement of responsibility, etc Lara Morquecho.
300 ## - PHYSICAL DESCRIPTION
Extent p. 30-41
505 ## - FORMATTED CONTENTS NOTE
Formatted contents note Sumario: I. Introducción.— II. El sistema de justicia en clave de género.— III. La gestión de la prueba con enfoque convencional.—<br/>IV. Algunas herramientas procesales para aplicar en la gestión probatoria con perspectiva de género.— V. La carga dinámica de la prueba.— VI. El principio de colaboración: indicios y buena fe procesal.— VII. La distinción entre institutos y la importancia de la carga dinámica en materia de género como casos complejos.— VIII. La perspectiva de género como pauta de interpretación de las mejores condiciones probatorias.— IX. Jurisprudencia sobre la aplicación de la carga dinámica de la prueba con perspectiva de género: ¿es suficiente?— X. Conclusiones.
505 ## - FORMATTED CONTENTS NOTE
Title Si te interesa el texto, comunicate a koha@justierradelfuego.gov.ar
650 #0 - SUBJECT ADDED ENTRY--TOPICAL TERM
9 (RLIN) 967
Topical term or geographic name as entry element DERECHO DE FAMILIA
650 #0 - SUBJECT ADDED ENTRY--TOPICAL TERM
Topical term or geographic name as entry element PRUEBA
9 (RLIN) 1975
650 #0 - SUBJECT ADDED ENTRY--TOPICAL TERM
Topical term or geographic name as entry element PERSPECTIVA DE GÉNERO
9 (RLIN) 4044
773 0# - HOST ITEM ENTRY
Host Biblionumber 2844
Host Itemnumber 3222
Place, publisher, and date of publication Buenos Aires : AbeledoPerrot, 1989-
Title Derecho de familia. N° 116 - Septiembre 2024
International Standard Book Number 18511201
942 ## - ADDED ENTRY ELEMENTS (KOHA)
Source of classification or shelving scheme
Koha item type Analítica Artículo de Revista

No hay ítems disponibles.

12 de Octubre 789 Ushuaia - Tel:  54(02901)441571
Horario de Atención: 8.00 a 17.00 hs. 
bibliotecaush@justierradelfuego.gov.ar
koha@justierradelfuego.gov.ar
Seguinos en nuestras redes @bibliojustdf 

Con tecnología Koha